=LDR 00000nam 2200000 4500 =001 INLIS000000000035386 =005 20130612141239 =008 ***********************************ind** =035 ##$$0010-061300000035386 =041 ##$$a ind =082 ##$$a 728.82 =090 ##$$a 728.82, Set i =245 ##$$a Intisari hukum Adat Indonesia, Dalam Kajian Kepustakaan, Tolib Setiady;Editor, Riduwan =260 ##$$a 2008 $b Bandung =300 ##$$a VIII,390Hlm, 24 cm =650 ##$$a Hukum Adat =850 ##$$a NBPNMAT